Ionizing solvents (Record no. 2297)
[ view plain ]
| 000 -LEADER | |
|---|---|
| fixed length control field | 00400cam a2200145 4500 |
| 020 ## - ISBN | |
| International Standard Book Number | 0471439703 |
| 050 00 - LIBRARY OF CONGRESS CALL NUMBER | |
| Classification Number | QD544.5 |
| Item Number | .J35 |
| 100 1# - MAIN ENTRY--Author | |
| Personal name | Jander, Jochen. |
| 245 10 - TITLE | |
| Title | Ionizing solvents |
| Statement of responsibility, etc | [by] J. Jander [and] Ch. Lafrenz. |
| 260 ## - PUBLICATION, DISTRIBUTION, ETC.(IMPRINT) | |
| Place of publication, distribution, etc | [London?] |
| Name of publisher, distributor, etc | John Wiley & Sons, |
| Date of publication, distribution, etc | 1970. |
| 300 ## - PHYSICAL DESCRIPTION | |
| Extent | 202 p. |
| 500 ## - GENERALNOTE | |
| General note | Translation of Wasserähnliche Lösungsmittel. |
| 700 1# - ADDED ENTRY--PERSONAL AUTHOR | |
| Personal Name | Lafrenz, Ch., |
| 942 ## - ADDED ENTRY ELEMENTS(KOHA) | |
| Koha item type | General circulation |
| Source of classification or shelving scheme | Not for loan | Location (home branch) | Sublocation (holding branch) | Date accessioned | Cost, normal purchase price | Full call number | Barcode | Cost, replacement price | Koha item type | Public note |
|---|---|---|---|---|---|---|---|---|---|---|
| Library of Congress Classification | Main Campus Library | Main Campus Library | 28/08/2014 | 1043.13 | QD544.5 .J3513 | 2017/020487 | 1543.00 | General circulation | leo |